Manual de capacitación para la investigación de campo y la conservación de la vida silvestre / (Registro nro. 19160)

Detalles MARC
000 -CABECERA
Campo de control 00957nam a2200241 a 4500
005 - FECHA Y HORA DE LA ULTIMA TRANSACCION
Campo de control 20161128170246.0
008 - ELEMENTOS DE LONGITUD FIJA—INFORMACION GENERAL
Campo de control 161128s2003 bo a||||r|||| 00| 0 spa d
020 ## - ISBN
ISBN 9990581800
040 ## - FUENTE DE CATALOGACIÓN
Agencia catalogadora original CO-BoIAVH
Agencia transcriptora CO-BoIAVH
041 0# - IDIOMA
Código de idioma para texto/pista de sonido o título separado Español
044 ## - PAÍS DE PUBLICACIÓN
País de publicación Colombia
082 04 - NUMERO DE CLASIFICACION DECIMAL DEWEY
Número de clasificación 590.723
Número del ítem R11m
100 1# - ASIENTO PRINCIPAL--NOMBRE PERSONAL
Nombre personal Rabinowitz, Alan,
Fechas asociadas con el nombre 1953-
Término relacionado autor
9 (RLIN) 77610
245 10 - MENCION DE TITULO
Título Manual de capacitación para la investigación de campo y la conservación de la vida silvestre /
Mención de responsabilidad Alan Rabinowitz
260 ## - PUBLICACION, DISTRIBUCION, ETC. (PIE DE IMPRENTA)
Lugar de publicación, distribución, etc. Bolivia :
Nombre del editor, distribuidor, etc. Wildlife Conservation Society,
Fecha de publicación, distribución, etc. 2003.
300 ## - DESCRIPCION FISICA
Extensión 310 páginas :
Otros detalles físicos ilustraciones ;
Dimensiones 21 x 16 cm.
504 ## - NOTA DE BIBLIOGRAFIA, ETC.
Nota de bibliografía Incluye referencias bibliográficas: páginas 257-261.
650 26 - ASIENTO SECUNDARIO DE MATERIA - TERMINO TEMATICO
Término temático o nombre geográfico como elemento de entrada Conservación de la diversidad biológica
Subdivisión general Investigación
Subdivisión de forma Manuales
9 (RLIN) 77611
650 26 - ASIENTO SECUNDARIO DE MATERIA - TERMINO TEMATICO
Término temático o nombre geográfico como elemento de entrada Fauna
Subdivisión general Investigación
Subdivisión de forma Manuales
9 (RLIN) 77612
650 26 - ASIENTO SECUNDARIO DE MATERIA - TERMINO TEMATICO
Término temático o nombre geográfico como elemento de entrada Investigación
Subdivisión general Técnicas
Subdivisión de forma Manuales
9 (RLIN) 77613
650 26 - ASIENTO SECUNDARIO DE MATERIA - TERMINO TEMATICO
Término temático o nombre geográfico como elemento de entrada Zonas protegidas
Subdivisión general Investigación
Subdivisión de forma Manuales
9 (RLIN) 77614
942 ## - ELEMENTOS ADICIONALES (KOHA)
Sistema de clasificación Dewey Decimal Classification
Tipo de ítem Libro
Existencias
Withdrawn status Lost status Sistema de Clasificación Damaged status No para préstamo Colección Inventariado Ubicación Permanente Ubicación actual Fecha de adquisición Fuente de Valor Valor Total Checkouts Número topográfico Inventario / Código de Barras Date last seen Ejemplar Price effective from Forma de adquisición Tipo de material
    Dewey Decimal Classification     General Inventariado 2017 Bogotá Bogotá 28/11/2016 Instituto 15000.00   LB-590.723 R11m 040849 28/11/2016 Ej. 1 28/11/2016 Donación Libro